000 00504cam a2200193ua 4500
001 4143
008 111219n ii |||gr||||Z||||||asm
020 _a81-86028-04-8
040 _cMAIN
082 _a891.4513
100 1 _aBarua, Bireswar,
245 1 1 _aBireswar Baruar nirbachita gapla
_cby Bireswar Barua
250 _a1st.
260 _aGuwahati:
_bKotha publishers,993.
300 _a176p:
_c23cm.
653 _aAssamese short stories
653 _aBireswar Baruar nirbachita gapla
942 _cBK
999 _c3965
_d3965